|
|
|
|
| LEADER |
01326nam a2200313 a 4500 |
| 001 |
000592390 |
| 003 |
CZ BrMZK |
| 005 |
20090417121254.0 |
| 007 |
ta |
| 008 |
020327s2001 xo e p slo d |
| 020 |
|
|
|a 80-7100-871-0
|
| 040 |
|
|
|a BOA001
|b cze
|
| 072 |
|
7 |
|a 519
|x Kombinatorika. Teorie grafů. Matematická statistika. Operační výzkum. Matematické modelování
|2 Konspekt
|9 13
|
| 072 |
|
7 |
|a 37.016
|x Učební osnovy. Vyučovací předměty. Učebnice
|2 Konspekt
|9 22
|
| 080 |
|
|
|a 519.21
|2 MRF
|
| 080 |
|
|
|a (075.8)
|2 MRF
|
| 245 |
0 |
0 |
|a Krátky kurz teórie pravdepodobnosti s aplikačnými príkladmi /
|c Vojtech Bálint ... [et al.]
|
| 250 |
|
|
|a 2. preprac. a rozš. vyd.
|
| 260 |
|
|
|a Žilina :
|b Žilinská univerzita,
|c 2001
|
| 300 |
|
|
|a 118 s. :
|b il. ;
|c 29 cm
|
| 504 |
|
|
|a Obsahuje bibliografii
|
| 541 |
|
|
|a Bratislava, Centrum vedecko-technických informácií SR
|
| 650 |
0 |
7 |
|a teorie pravděpodobnosti
|7 ph116429
|x úlohy
|2 czenas
|
| 655 |
|
7 |
|a učebnice vysokých škol
|7 fd133772
|2 czenas
|
| 700 |
1 |
|
|a Bálint, Vojtech,
|d 1946-
|7 mzk2003180399
|4 aut
|
| 710 |
2 |
|
|a Žilinská univerzita.
|b Fakulta prevádzky a ekonomiky dopravy a spojov
|7 ko2002102413
|
| 910 |
|
|
|a BOA001
|b 3-1100.604
|
| 990 |
|
|
|a BK
|
| 996 |
7 |
|
|b 2610158416
|c 3-1100.604
|l MZK
|r Sklad / do 1 hodiny
|n 18
|p vým
|w 000592390
|u 000010
|a 1
|e BOA001
|j MZK50
|s A
|